| 000 | 00592nam a2200181Ia 4500 | ||
|---|---|---|---|
| 008 | 090123s9999 xx 000 0 und d | ||
| 082 |
_b33942 _a891.463/पोरे |
||
| 100 | _aपोरे सुरेश | ||
| 245 | _aउन्हातील चांदणे | ||
| 250 | _a1 | ||
| 260 |
_bश्रीपाद प्रकाशन _c2002 |
||
| 300 | _a191 | ||
| 600 | _aपोरे सुरेश | ||
| 630 | _aउन्हातील चांदणे | ||
| 700 | _aपोरे सुरेश | ||
| 730 | _aउन्हातील चांदणे | ||
| 942 | _cBOOK | ||
| 999 |
_c71996 _d71996 |
||